000 00860cam a2200277Ma 4500
001 76099
005 20230404125944.0
008 071214s2006 bl af b 001 0 por d
035 _a(OCoLC)ocn230013539
040 _aAUD
_cAUD
020 _a9788525042217
020 _a8525042218
035 _a(OCoLC)230013539
050 1 4 _a103 F 2520.1
_bF363f 2006
100 1 _aFernandes, Florestan.
245 1 2 _aA funcao social da guerra na sociedade tupinambá /
_cFlorestan Fernandes ; prefácio, Roque de Barros Laraia.
250 _a3a ed.
260 _aSáo Paulo :
_bEditora Globo,
_cc2006.
300 _a594 p., [24] p. of plates :
_bill. ;
_c21 cm.
504 _aIncludes bibliographical references (p. 473-577) and index.
650 0 _aIndians
_xWarfare.
650 0 _aTupinamba Indians.
942 _2lcc
_cbk
994 _aC0
_bDRFGD
946 _aRCH
999 _c8052
_d8052